Head First Data Analysis (Record no. 322722)

MARC details
000 -LEADER
fixed length control field 00410nam a2200157Ia 4500
008 - FIXED-LENGTH DATA ELEMENTS--GENERAL INFORMATION
fixed length control field 230718s9999 xx 000 0 und d
041 ## - LANGUAGE CODE
Language code of text/sound track or separate title eng
082 ## - DEWEY DECIMAL CLASSIFICATION NUMBER
Classification number 519.535
Item number MIL
100 ## - MAIN ENTRY--PERSONAL NAME
Personal name Milton M.
9 (RLIN) 170535
245 ## - TITLE STATEMENT
Title Head First Data Analysis
260 ## - PUBLICATION, DISTRIBUTION, ETC. (IMPRINT)
Date of publication, distribution, etc. 2009
Name of publisher, distributor, etc. O'reilly
300 ## - PHYSICAL DESCRIPTION
Extent 445
365 ## - TRADE PRICE
Currency code Rs.
Price amount 500.00
700 ## - ADDED ENTRY--PERSONAL NAME
Personal name Milton M.
9 (RLIN) 170535
906 ## - LOCAL DATA ELEMENT F, LDF (RLIN)
d O:0032607-Oct-2009B:142907-Sep-2009
c COMP
b 100
Holdings
Withdrawn status Lost status Damaged status Not for loan Home library Current library Date acquired Vendor Budget Code Cost, normal purchase price Bill number Total Checkouts Full call number Barcode Date last seen Discount Cost, replacement price Bill Date Koha item type Original Barcode
        Cummins College of Engineering for Women Pune Cummins College of Engineering for Women Pune 07/10/2009 Tbs COMP 400.00 1429   519.535 CCEP-BK-33929 18/07/2023 100 500.00 07/09/2009 Books 033929